| 000 | 00522nam a2200205Ia 4500 | ||
|---|---|---|---|
| 003 | OSt | ||
| 005 | 20140312102437.0 | ||
| 008 | 140130s9999 xx 000 0 und d | ||
| 020 | _a0439160278 | ||
| 050 |
_aPZ 7 _b.Ea23Di 2000 |
||
| 100 | _aEarle, Sylvia A. | ||
| 245 |
_cSylvia A. Earle. _aDive! : _bmy adventures in the deep frontier / |
||
| 260 |
_bScholastic, _cc2000. _aUSA : |
||
| 300 |
_a64 p. : _bcol. ill. ; _c33 cm. |
||
| 440 | _v1 | ||
| 521 | _aG12 | ||
| 526 | _c1240 | ||
| 942 |
_cBK _2lcc |
||
| 999 |
_c41442 _d41442 |
||